000 00690nam a2200217Ii 4500
003 JO-AjNU
008 230605s9999||||xx |||||||||||||| ||und||
017 _a2012/5472
020 _a978-977-350-465-3
040 _aJO-AjNU
_bara
_erda
_cJO-AjNU
041 _aara
050 1 4 _aLC3965 2016
100 3 _aالعدل، عادل محمد,
_eauthor
_944517
245 0 0 _aمدخل إلى التربية الخاصة
264 3 1 _aالقاهرة:دار الكتاب الحديث،2016
300 _a868ص
336 _atext
_btxt
_2rdacontent
337 _aunmediated
_bn
_2rdamedia
338 _avolume
_bnc
_2rdacarrier
650 4 _aتربية خاصة-المعوقون-تعليم
_944518
999 _aA19228
_c22796
_d22796